Applied Econometrics with R / (Record no. 23370)
[ view plain ]
| 000 -LEADER | |
|---|---|
| fixed length control field | 00856cam a22002535a 4500 |
| 001 - CONTROL NUMBER | |
| control field | 15390525 |
| 005 - DATE AND TIME OF LATEST TRANSACTION | |
| control field | 20161128103435.0 |
| 008 - FIXED-LENGTH DATA ELEMENTS--GENERAL INFORMATION | |
| fixed length control field | 080731t2008 nyua frb 001 0 eng d |
| 020 ## - INTERNATIONAL STANDARD BOOK NUMBER | |
| International Standard Book Number | 9780387773162 |
| 040 ## - CATALOGING SOURCE | |
| Original cataloging agency | BTCTA |
| Transcribing agency | BTCTA |
| Modifying agency | BAKER |
| -- | YDXCP |
| -- | CDX |
| -- | BWX |
| -- | IXA |
| -- | DLC |
| -- | EG-ScBUE |
| Language of cataloging | eng |
| 082 04 - DEWEY DECIMAL CLASSIFICATION NUMBER | |
| Classification number | 330.015195 |
| Edition number | 22 |
| Item number | KLE |
| 100 1# - MAIN ENTRY--PERSONAL NAME | |
| Personal name | Kleiber, Christian. |
| 245 10 - TITLE STATEMENT | |
| Title | Applied Econometrics with R / |
| Statement of responsibility, etc | Christian Kleiber, Achim Zeileis. |
| 260 ## - PUBLICATION, DISTRIBUTION, ETC. (IMPRINT) | |
| Place of publication, distribution, etc | New York : |
| Name of publisher, distributor, etc | Springer, |
| Date of publication, distribution, etc | c.2008. |
| 300 ## - PHYSICAL DESCRIPTION | |
| Extent | x, 221 p. : |
| Other physical details | ill. ; |
| Dimensions | 24 cm. |
| 490 0# - Series Statement | |
| Series statement | Use R! |
| 504 ## - BIBLIOGRAPHY, ETC. NOTE | |
| Bibliography, etc | Includes bibliographical references and index. |
| 650 #7 - SUBJECT ADDED ENTRY--TOPICAL TERM | |
| Topical term or geographic name as entry element | R (Computer program language) |
| Source of heading or term | BUEsh |
| 9 (RLIN) | 20132 |
| 650 #7 - SUBJECT ADDED ENTRY--TOPICAL TERM | |
| Topical term or geographic name as entry element | Econometrics |
| General subdivision | Data processing. |
| Source of heading or term | BUEsh |
| 650 #7 - SUBJECT ADDED ENTRY--TOPICAL TERM | |
| Topical term or geographic name as entry element | Statistics |
| General subdivision | Data processing |
| Source of heading or term | BUEsh |
| 9 (RLIN) | 9867 |
| 653 ## - INDEX TERM--UNCONTROLLED | |
| Resource For college | BAEPS, Economics |
| Arrived date list | November2016 |
| 700 1# - ADDED ENTRY--PERSONAL NAME | |
| Personal name | Zeileis, Achim. |
| 942 ## - ADDED ENTRY ELEMENTS (KOHA) | |
| Source of classification or shelving scheme | Dewey Decimal Classification |
| Withdrawn status | Item status | Source of classification or shelving scheme | Damaged status | Not for loan | Vendor | Home library | Current library | Shelving location | Date acquired | Source of acquisition | Cost, normal purchase price | Total Checkouts | Total Renewals | Full call number | Barcode | Checked out | Date last seen | Date last borrowed | Koha item type | Materials specified (bound volume or other part) |
|---|---|---|---|---|---|---|---|---|---|---|---|---|---|---|---|---|---|---|---|---|
| Dewey Decimal Classification | Baccah | Central Library | Central Library | First floor | 28/11/2016 | Purchase | 940.00 | 1 | 1 | 330.015195 KLE | 000040108 | 14/03/2024 | 09/03/2022 | 09/03/2022 | Book - Borrowing | |||||
| Dewey Decimal Classification | Baccah | Central Library | Central Library | First floor | 28/11/2016 | Purchase | 1 | 9 | 330.015195 KLE | 000040109 | 15/07/2025 | 21/02/2018 | Book - Borrowing | |||||||
| Lost | Dewey Decimal Classification | Baccah | Central Library | Central Library | First floor | 28/11/2016 | Purchase | 1 | 6 | 330.015195 KLE | 000040110 | 01/09/2024 | 26/11/2017 | Book - Borrowing | Lost In Inventory 15-7-2025 |